| 000 | 00994nam a22003017a 4500 | ||
|---|---|---|---|
| 001 | 5067 | ||
| 003 | FISKH | ||
| 005 | 20250826100001.0 | ||
| 008 | 241104b cb ||||| |||| 00| 0 eng d | ||
| 020 | _a9780439693226 | ||
| 040 |
_aFISKH _beng _cFISKH _dFISKH |
||
| 050 | _aSF428.L85 | ||
| 082 | _a636.7 | ||
| 100 |
_aLuke, Melinda _d(1989-) |
||
| 245 |
_aHelping paws dogs that serve / _cBy Melinda Luke Illustrated by Marcy Dunn Ramsey |
||
| 250 | _a2001 | ||
| 260 |
_aNew York : _bScholastic, _c2001. |
||
| 300 |
_a45 pages : _bcolor illustrations ; _c23 cm |
||
| 505 | _aR | ||
| 520 | _aStarting with lively and easy-to-understand explanations of dogs' senses, theauthor describes the historical and contemporary roles of canines. Full-colorillustrations. | ||
| 521 | 8 |
_a780
_bLexile |
|
| 521 | 8 |
_aR
_bRaz-Plus |
|
| 650 |
_2Dogs _aAnimals _vService dogs |
||
| 650 |
_2Heroes _aHelping |
||
| 700 |
_aRamsey, Dunn Marcy _dIllustrator |
||
| 942 |
_2ddc _cBK _n0 |
||
| 999 |
_c5067 _d5067 |
||